Kamus kimia : kimia fizik dan kimia polimer

Bibliographic Details
Format: Book
Published: Kuala Lumpur : Dewan Bahasa Dan Pustaka , 1991
Series:Siri kamus istilah mabbim

MARC

LEADER 00000cam a2200000 7i4500
001 0000075050
005 20170815.0
008 170815
020 |a 9836219706 
090 0 0 |a 039.540   |b KAM 
245 1 0 |a Kamus kimia :   |b kimia fizik dan kimia polimer 
260 |a Kuala Lumpur :   |b Dewan Bahasa Dan Pustaka ,   |c 1991 
490 0 |a Siri kamus istilah mabbim 
999 |a 0000512319   |b Book   |c Adult Collection   |e Cawangan Mersing